|
|
|
|
| LEADER |
02314nam a2200421 a 4500 |
| 001 |
EBC587857 |
| 003 |
MiAaPQ |
| 005 |
20200520144314.0 |
| 006 |
m o d | |
| 007 |
cr cn||||||||| |
| 008 |
100422s2010 vtua sb 001 0 eng d |
| 010 |
|
|
|z 2010015769
|
| 020 |
|
|
|z 9780566092473 (hardback : alk. paper)
|
| 020 |
|
|
|a 9780566092480 (electronic bk.)
|
| 035 |
|
|
|a (MiAaPQ)EBC587857
|
| 035 |
|
|
|a (Au-PeEL)EBL587857
|
| 035 |
|
|
|a (CaPaEBR)ebr10417808
|
| 035 |
|
|
|a (CaONFJC)MIL924947
|
| 035 |
|
|
|a (OCoLC)679416583
|
| 040 |
|
|
|a MiAaPQ
|c MiAaPQ
|d MiAaPQ
|
| 050 |
|
4 |
|a HB171
|b .L634 2010
|
| 082 |
0 |
4 |
|a 338.9/27
|2 22
|
| 100 |
1 |
|
|a Lessem, Ronnie.
|
| 245 |
1 |
0 |
|a Integral economics
|h [electronic resource] :
|b releasing the economic genius of your society /
|c Ronnie Lessem and Alexander Schieffer.
|
| 260 |
|
|
|a Burlington, Vt. :
|b Gower Pub.,
|c 2010.
|
| 300 |
|
|
|a xxv, 381 p. :
|b ill.
|
| 490 |
1 |
|
|a Transformation and innovation series
|
| 504 |
|
|
|a Includes bibliographical references and index.
|
| 505 |
0 |
|
|a Re-inventing economics : starting the journey -- Revisiting mainstream economics -- The moral economic core -- The centered enterprise -- Economic commons : philosophical grounding of the self-sufficient economy -- Grassroots economics -- Subsistence economics -- The social business -- Co-evolutionary economics : philosophical grounding of the developmental economy -- Conscious economics : contextual emergence of the developmental economy -- Associative economics -- The developmental enterprise -- Economics of the common good -- Social learning and the network economy -- Open economics : theoretical navigation of the social economy -- The cooperative enterprise -- New economics -- Real economics -- Well-being economics -- The sustainable enterprise.
|
| 533 |
|
|
|a Electronic reproduction. Ann Arbor, MI : ProQuest, 2015. Available via World Wide Web. Access may be limited to ProQuest affiliated libraries.
|
| 650 |
|
0 |
|a Economics.
|
| 650 |
|
0 |
|a Social policy.
|
| 650 |
|
0 |
|a Sustainable development
|x Social aspects.
|
| 655 |
|
4 |
|a Electronic books.
|
| 700 |
1 |
|
|a Schieffer, Alexander.
|
| 710 |
2 |
|
|a ProQuest (Firm)
|
| 830 |
|
0 |
|a Transformation and innovation series.
|
| 856 |
4 |
0 |
|u https://ebookcentral.proquest.com/lib/matrademy/detail.action?docID=587857
|z Click to View
|